| 000 | 00362nam a2200157Ia 4500 | ||
|---|---|---|---|
| 008 | 221030s9999 xx 000 0 und d | ||
| 020 | _a8186555277 | ||
| 041 | _aEnglish | ||
| 082 |
_a105.23 _bMit |
||
| 100 | _aR. Mittal | ||
| 245 | 0 | _aPractical Applied Mechanics | |
| 260 |
_bG. K. Pub _aJabalpur _c1996 |
||
| 300 | _a64 | ||
| 650 | _aMechanical | ||
| 942 | _cBK | ||
| 999 |
_c2070 _d2070 |
||